| 000 | 00386nam a2200145Ia 4500 | ||
|---|---|---|---|
| 008 | 231129s1998||||xx |||||||||||||| ||spa|| | ||
| 020 | _a958-96078-0-2 | ||
| 040 | _bspa | ||
| 082 | _a372.34 A719m | ||
| 100 | _aAriza C. José Darío | ||
| 245 | 0 | _aEl maravilloso mundo de Logo | |
| 260 | _c1998 | ||
| 264 | _aColombia Ltda | ||
| 942 |
_2ddc _cBKS |
||
| 999 |
_c11640 _d11640 |
||